LEADER 01130nam a2200277 i 4500 001 991000188179707536 005 20020506110528.0 008 940126s1981 uk ||| | eng 020 $a0521281504 035 $ab10042556-39ule_inst 035 $aLE02614677$9ExL 040 $aDip.to Ingegneria dell'Innovazione$bita 082 0 $a541.3 100 1 $aDenbigh, Kenneth$0623 245 14$aThe principles of chemical equilibrium :$bwith applications in chemistry and chemical engineering /$cKenneth Denbigh 250 $a4th ed. 260 $aCambridge [etc] :$bCambridge University Press,$cc1981 300 $axxi, 494 p. ;$c22 cm 650 4$aTermochimica 907 $a.b10042556$b21-09-06$c31-05-02 912 $a991000188179707536 945 $aLE026 541.3 DEN 01.01 C.1 1981$g1$i2026000002033$lle026$o-$pE0.00$q-$rn$s- $t0$u0$v0$w0$x0$y.i1004954x$z31-05-02 945 $aLE026 541.3 DEN 01.01 C.2 1981$g1$i2026000002040$lle026$o-$pE0.00$q-$rn$s- $t0$u1$v1$w1$x0$y.i10049551$z31-05-02 996 $aPrinciples of chemical equilibrium$927482 997 $aUNISALENTO 998 $ale026$b01-01-94$cm$da $e-$feng$guk $h4$i2 LEADER 01313nam 2200349 n 450 001 996396863103316 005 20221108081308.0 035 $a(CKB)4940000000064940 035 $a(EEBO)2240862736 035 $a(UnM)99828461 035 $a(UnM)9927720500971 035 $a(EXLCZ)994940000000064940 100 $a19950418d1683 uy | 101 0 $aeng 135 $aurbn||||a|bb| 200 04$aThe life and reign of King Henry the Eighth. Written by the Right Honourable Edward Lord Herbert of Cherbury$b[electronic resource] 210 $aLondon $cprinted by M. Clark, for H. Herringman, and are to be sold by T. Passenger at the three Bibles on London Bridg$dMDCLXXXIII. [1683] 215 $a[8],267, 266-267, 270-636, [18] $cill 300 $aFrontispiece portrait of King Henry the Eighth. 300 $aIncludes index. 300 $aReproduction of the original in the British Library. 330 $aeebo-0018 607 $aGreat Britain$xHistory$yHenry VIII, 1509-1547$vEarly works to 1800 700 $aHerbert of Cherbury$b Edward Herbert$cBaron,$f1583-1648.$01001659 801 0$bCu-RivES 801 1$bCu-RivES 801 2$bCStRLIN 801 2$bWaOLN 906 $aBOOK 912 $a996396863103316 996 $aThe life and reign of King Henry the Eighth$92312527 997 $aUNISA